000 00391 a2200157 4500
001 187324
020 _a978-85-7635-258-7
040 _cMagnum
100 _aSavaget, Luciana
240 1 0 _aD. carminha cebolinha a consertadora de sonhos
_lpor
245 1 0 _aD. carminha cebolinha a consertadora de sonhos
300 _a32
362 0 _a2009
697 _aLITERATURA INFANTO
942 _cBK
999 _c187324
_d187324